000
00310nam a2200133Ia 4500
005
20251222155152.0
008
251222s9999||||xx |||||||||||||| ||spa||
082
_a
SOC. 16
100
_a
PAREDES, Peri.
245
0
_a
Pobreza Urbana y Trabajo Femenino
250
_a
1ra. ed.
264
_b
SASSA
942
_c
LIB
999
_c
39604
_d
39604